000 01255nam a22002897a 4500
003 OSt
005 20230316104836.0
007 cr ||||||a|c|a
008 230227s mx a|||fom||| 001 0 spa d
040 _erda
100 1 _9133657
_aAparicio Quiroz, Bertín
245 1 _aEvaluación de la toxicidad y caracterización molecular de hierba de chan (Hyptis suaveolens L. Poit.) del Estado de Oaxaca /
_cpor Bertín Aparicio Quiroz; director de tesis Margarita Gisela Peña Ortega
264 1 _aChapingo, México :
_bEl autor,
_c2020.
300 _a1 recurso en línea (77 páginas).
336 _2rdacontent
_atexto
_btxt
337 _2rdamedia
_acomputadora
_bc
338 _2rdacarrier
_arecurso en línea
_bcr
502 _bMCBA
_cFitotecnia
_d2020
_gMAE
504 _aIncluye referencias bibliográficas: páginas-42-52
650 2 _9165536
_aAnálisis
_x toxicidad
650 2 _9186188
_aAnonáceas
_xToxicidad
650 2 _9186222
_aHyptis suaveolens
_xAprovechamiento
650 2 _9186221
_aHyptis suaveolens
_xToxicidad
700 1 _986818
_aPeña Ortega, Margarita Gisela
_eDirector de tesis
856 _uhttp://10.13.5.2/tesis/tm/2020_FI_Aparicio_Quiroz_Bertin.pdf
_zDESCARGAR PDF
942 _2Clasificación Universidad Autónoma Chapingo
_cTD
999 _c218454
_d218454